<?xml version="1.0" encoding="UTF-8"?>
<record
    xmlns:xsi="http://www.w3.org/2001/XMLSchema-instance"
    xsi:schemaLocation="http://www.loc.gov/MARC21/slim http://www.loc.gov/standards/marcxml/schema/MARC21slim.xsd"
    xmlns="http://www.loc.gov/MARC21/slim">

  <leader>01878nam0a2200409   4500</leader>
  <controlfield tag="001">RU\NLR\bibl\138831</controlfield>
  <controlfield tag="005">20260405224427.0</controlfield>
  <datafield tag="021" ind1=" " ind2=" ">
    <subfield code="a">RU</subfield>
    <subfield code="b">2000-35368</subfield>
    <subfield code="9">1639</subfield>
  </datafield>
  <datafield tag="035" ind1=" " ind2=" ">
    <subfield code="a">(NLR Aleph) 000135989</subfield>
  </datafield>
  <datafield tag="090" ind1=" " ind2=" ">
    <subfield code="a">777488</subfield>
    <subfield code="c">777488</subfield>
  </datafield>
  <datafield tag="100" ind1=" " ind2=" ">
    <subfield code="a">20010205d2000    |||y0rusy50      ca</subfield>
  </datafield>
  <datafield tag="101" ind1="0" ind2=" ">
    <subfield code="a">rus</subfield>
    <subfield code="d">eng</subfield>
  </datafield>
  <datafield tag="102" ind1=" " ind2=" ">
    <subfield code="a">RU</subfield>
  </datafield>
  <datafield tag="105" ind1=" " ind2=" ">
    <subfield code="a">a   |||||||||</subfield>
  </datafield>
  <datafield tag="200" ind1="1" ind2=" ">
    <subfield code="a">&#x41E;&#x431;&#x43D;&#x430;&#x440;&#x443;&#x436;&#x435;&#x43D;&#x438;&#x435; &#x44D;&#x444;&#x444;&#x435;&#x43A;&#x442;&#x430; &#x434;&#x435;&#x43F;&#x43E;&#x43B;&#x44F;&#x440;&#x438;&#x437;&#x430;&#x446;&#x438;&#x438; &#x43D;&#x435;&#x439;&#x442;&#x440;&#x43E;&#x43D;&#x43D;&#x43E;&#x433;&#x43E; &#x43F;&#x443;&#x447;&#x43A;&#x430; &#x43F;&#x440;&#x438; &#x434;&#x438;&#x444;&#x440;&#x430;&#x43A;&#x446;&#x438;&#x438; &#x43F;&#x43E; &#x41B;&#x430;&#x443;&#x44D; &#x432; &#x43D;&#x435;&#x446;&#x435;&#x43D;&#x442;&#x440;&#x43E;&#x441;&#x438;&#x43C;&#x43C;&#x435;&#x442;&#x440;&#x438;&#x447;&#x43D;&#x43E;&#x43C; &#x43A;&#x440;&#x438;&#x441;&#x442;&#x430;&#x43B;&#x43B;&#x435;</subfield>
    <subfield code="f">&#x412;. &#x412;. &#x412;&#x43E;&#x440;&#x43E;&#x43D;&#x438;&#x43D;, &#x415;. &#x413;. &#x41B;&#x430;&#x43F;&#x438;&#x43D;, &#x421;. &#x42E;. &#x421;&#x435;&#x43C;&#x435;&#x43D;&#x438;&#x445;&#x438;&#x43D;, &#x412;. &#x412;. &#x424;&#x435;&#x434;&#x43E;&#x440;&#x43E;&#x432;</subfield>
  </datafield>
  <datafield tag="210" ind1=" " ind2=" ">
    <subfield code="a">&#x413;&#x430;&#x442;&#x447;&#x438;&#x43D;&#x430;</subfield>
    <subfield code="c">&#x41F;&#x418;&#x42F;&#x424;</subfield>
    <subfield code="d">2000</subfield>
  </datafield>
  <datafield tag="215" ind1=" " ind2=" ">
    <subfield code="a">12 &#x441;.</subfield>
    <subfield code="c">&#x438;&#x43B;.</subfield>
    <subfield code="d">20</subfield>
  </datafield>
  <datafield tag="225" ind1="1" ind2=" ">
    <subfield code="a">&#x41F;&#x440;&#x435;&#x43F;&#x440;&#x438;&#x43D;&#x442;</subfield>
    <subfield code="f">&#x420;&#x43E;&#x441;. &#x430;&#x43A;&#x430;&#x434;. &#x43D;&#x430;&#x443;&#x43A;, &#x41F;&#x435;&#x442;&#x435;&#x440;&#x431;. &#x438;&#x43D;-&#x442; &#x44F;&#x434;&#x435;&#x440;. &#x444;&#x438;&#x437;&#x438;&#x43A;&#x438; &#x438;&#x43C;. &#x411;. &#x41F;. &#x41A;&#x43E;&#x43D;&#x441;&#x442;&#x430;&#x43D;&#x442;&#x438;&#x43D;&#x43E;&#x432;&#x430;</subfield>
    <subfield code="v">2377. NP-34-2000</subfield>
  </datafield>
  <datafield tag="300" ind1=" " ind2=" ">
    <subfield code="a">&#x420;&#x435;&#x437;. &#x43D;&#x430; &#x430;&#x43D;&#x433;&#x43B;. &#x44F;&#x437;.</subfield>
  </datafield>
  <datafield tag="320" ind1=" " ind2=" ">
    <subfield code="a">&#x411;&#x438;&#x431;&#x43B;&#x438;&#x43E;&#x433;&#x440;.: &#x441;. 11-12</subfield>
  </datafield>
  <datafield tag="606" ind1="0" ind2=" ">
    <subfield code="a">&#x41D;&#x435;&#x439;&#x442;&#x440;&#x43E;&#x43D;&#x44B;</subfield>
    <subfield code="x">&#x414;&#x438;&#x444;&#x440;&#x430;&#x43A;&#x446;&#x438;&#x44F; &#x43D;&#x430; &#x43C;&#x43E;&#x43D;&#x43E;&#x43A;&#x440;&#x438;&#x441;&#x442;&#x430;&#x43B;&#x43B;&#x430;&#x445; &#x43A;&#x432;&#x430;&#x440;&#x446;&#x430;</subfield>
    <subfield code="9">1310291</subfield>
    <subfield code="3">RU\NLR\auth\66543438</subfield>
  </datafield>
  <datafield tag="606" ind1="0" ind2=" ">
    <subfield code="a">&#x41D;&#x435;&#x439;&#x442;&#x440;&#x43E;&#x43D;&#x44B;</subfield>
    <subfield code="x">&#x41F;&#x443;&#x447;&#x43A;&#x438;</subfield>
    <subfield code="x">&#x414;&#x435;&#x43F;&#x43E;&#x43B;&#x44F;&#x440;&#x438;&#x437;&#x430;&#x446;&#x438;&#x44F;</subfield>
    <subfield code="9">2203693</subfield>
    <subfield code="3">RU\NLR\auth\661324094</subfield>
  </datafield>
  <datafield tag="610" ind1="0" ind2=" ">
    <subfield code="a">&#x41D;&#x435;&#x439;&#x442;&#x440;&#x43E;&#x43D;&#x44B; - &#x43F;&#x443;&#x447;&#x43A;&#x438; - &#x434;&#x435;&#x43F;&#x43E;&#x43B;&#x44F;&#x440;&#x438;&#x437;&#x430;&#x446;&#x438;&#x44F;</subfield>
  </datafield>
  <datafield tag="675" ind1=" " ind2=" ">
    <subfield code="a">539.125.518</subfield>
    <subfield code="v">3</subfield>
    <subfield code="z">rus</subfield>
  </datafield>
  <datafield tag="686" ind1=" " ind2=" ">
    <subfield code="a">29.15</subfield>
    <subfield code="2">rugasnti</subfield>
  </datafield>
  <datafield tag="686" ind1=" " ind2=" ">
    <subfield code="a">22.382</subfield>
    <subfield code="2">rubbk</subfield>
  </datafield>
  <datafield tag="686" ind1=" " ind2=" ">
    <subfield code="a">&#x412;386.2</subfield>
  </datafield>
  <datafield tag="701" ind1=" " ind2="1">
    <subfield code="4">070</subfield>
    <subfield code="8">rus</subfield>
    <subfield code="7">ca</subfield>
    <subfield code="a">&#x412;&#x43E;&#x440;&#x43E;&#x43D;&#x438;&#x43D;</subfield>
    <subfield code="b">&#x412;. &#x412;.</subfield>
    <subfield code="c">&#x434;-&#x440; &#x444;&#x438;&#x437;.-&#x43C;&#x430;&#x442;. &#x43D;&#x430;&#x443;&#x43A;</subfield>
    <subfield code="g">&#x412;&#x43B;&#x430;&#x434;&#x438;&#x43C;&#x438;&#x440; &#x412;&#x43B;&#x430;&#x434;&#x438;&#x43C;&#x438;&#x440;&#x43E;&#x432;&#x438;&#x447;</subfield>
    <subfield code="3">RU\NLR\auth\77102512</subfield>
    <subfield code="9">85438</subfield>
  </datafield>
  <datafield tag="701" ind1=" " ind2="1">
    <subfield code="a">&#x41B;&#x430;&#x43F;&#x438;&#x43D;</subfield>
    <subfield code="b">&#x415;. &#x413;.</subfield>
    <subfield code="4">070</subfield>
  </datafield>
  <datafield tag="701" ind1=" " ind2="1">
    <subfield code="a">&#x421;&#x435;&#x43C;&#x435;&#x43D;&#x438;&#x445;&#x438;&#x43D;</subfield>
    <subfield code="b">&#x421;. &#x42E;.</subfield>
    <subfield code="4">070</subfield>
  </datafield>
  <datafield tag="701" ind1=" " ind2="1">
    <subfield code="a">&#x424;&#x435;&#x434;&#x43E;&#x440;&#x43E;&#x432;</subfield>
    <subfield code="b">&#x412;. &#x412;.</subfield>
    <subfield code="4">070</subfield>
  </datafield>
  <datafield tag="801" ind1=" " ind2="0">
    <subfield code="a">RU</subfield>
    <subfield code="b">RKP</subfield>
    <subfield code="c">20010205</subfield>
    <subfield code="g">PSBO</subfield>
  </datafield>
  <datafield tag="801" ind1=" " ind2="1">
    <subfield code="a">RU</subfield>
    <subfield code="b">RKP</subfield>
    <subfield code="c">20010205</subfield>
  </datafield>
  <datafield tag="801" ind1=" " ind2="2">
    <subfield code="a">RU</subfield>
    <subfield code="b">NLR</subfield>
    <subfield code="c">20130402</subfield>
    <subfield code="g">rcr</subfield>
  </datafield>
  <datafield tag="942" ind1=" " ind2=" ">
    <subfield code="c">BOOK</subfield>
  </datafield>
  <datafield tag="980" ind1=" " ind2=" ">
    <subfield code="a">NB</subfield>
  </datafield>
  <datafield tag="995" ind1=" " ind2=" ">
    <subfield code="5">2001-03-11</subfield>
    <subfield code="a">ad</subfield>
    <subfield code="b">NLR01</subfield>
    <subfield code="c">NLR01</subfield>
    <subfield code="e">RF8</subfield>
    <subfield code="f">108087</subfield>
    <subfield code="k">2001-4/1846</subfield>
    <subfield code="o">0</subfield>
    <subfield code="r">BOOK</subfield>
    <subfield code="s">200141846_</subfield>
  </datafield>
  <datafield tag="995" ind1=" " ind2=" ">
    <subfield code="5">2001-03-11</subfield>
    <subfield code="a">ad</subfield>
    <subfield code="b">NLR01</subfield>
    <subfield code="c">NLR01</subfield>
    <subfield code="e">RF8</subfield>
    <subfield code="f">108088</subfield>
    <subfield code="k">2001-4/1846</subfield>
    <subfield code="o">0</subfield>
    <subfield code="r">BOOK</subfield>
    <subfield code="s">200141846_</subfield>
  </datafield>
</record>
